Normal view
MARC view
Entry AUTORIDADES PERSONAS
001 - NÚMERO DE CONTROL
- campo de control: 472
003 - CONTROL
- campo de control: AR-BaSMT
005 - FECHA Y HORA DE LA ÚLTIMA TRANSACCIÓN
- campo de control: 20260429151006.0
008 - ELEMENTOS LONGITUD FÍSICA
- campo de control de longitud fija: 260429|| aca||aabn | a|a d
040 ## - FUENTE DE CATALOGACIÓN
- Agencia que cataloga: AR-BaSMT
- Idioma de catalogación: spa
- Norma: RDA
100 1# - ENCABEZAMIENTO-NOMBRE DE PERSONA
- Nombre de persona: Sierra, David
- Numeración: 1987-
- Títulos y otros términos asociados al nombre: Autor Personal
370 ## - LUGAR ASOCIADO
- País de nacimiento : España
372 ## - CAMPO DE ACTIVIDAD
- Fuente (LEMB) : LEMB
- Campo en el que la persona se ha dedicado : Ilustración
374 ## - OCUPACIÓN
- Fuente Ej: LEMB : LEMB
- Ocupación: Ilustrador
375 ## - GÉNERO/SEXO
- Masculino, femenino, desconocido, intersexo, … : Hombre
377 ## - IDIOMA ASOCIADO
- Código (spa) : spa
- Lengua (español) : español
400 ## - TRAZADO DE VÉASE--NOMBRE DE PERSONA
- Nombre de persona: David Sierra
- Fecha asociada al nombre : 1987-
670 ## - FUENTE DE DATOS ENCONTRADOS
- Cita de la fuente: El nuevo viaje de El Principito, 2025
- Donde se localiza la información: Portada
